Socrates /
Guardado en:
| Autor Principal: | |
|---|---|
| Formato: | Libro |
| Publicado: |
Buenos Aires :
Eudeba,
1976
|
| Edición: | 9a. ed. |
| Materias: | |
| Etiquetas: |
Agregar Etiqueta
Sin Etiquetas, Sea el primero en etiquetar este registro!
|
| LEADER | 01312nam a22003255a 4500 | ||
|---|---|---|---|
| 001 | CEM.cems004493 | ||
| 005 | 20060216000000.0 | ||
| 008 | 130507s1976##################000#0#####d | ||
| 003 | CEMS | ||
| 082 | 0 | 4 | |a 183 |
| 100 | 1 | |a Mondolfo, Rodolfo | |
| 245 | 1 | 0 | |a Socrates / |
| 250 | |a 9a. ed. | ||
| 260 | |a Buenos Aires : |b Eudeba, |c 1976 | ||
| 300 | |a 151 p. | ||
| 653 | |a Filosofia | ||
| 653 | |a Filosofia antigua | ||
| 653 | |a Filosofia socratica | ||
| 859 | |a CEMS |b BIB. CEMS - 11 de abril |h 183 |i M745a9 |p 259.73 |t Ej.1 | ||
| 859 | |a CEMS |b BIB. CEMS - 11 de abril |h 183 |i M745a9 |p 7694.80 |t Ej.7 | ||
| 859 | |a CEMS |b BIB. CEMS - 11 de abril |h 183 |i M745a9 |p 7883.80 |t Ej.8 | ||
| 859 | |a CEMS |b BIB. CEMS - 11 de abril |h 183 |i M745a9 |p 7884.80 |t Ej.12 | ||
| 859 | |a CEMS |b BIB. CEMS - 11 de abril |h 183 |i M745a9 |p 7885.80 |t Ej.11 | ||
| 859 | |a CEMS |b BIB. CEMS - 11 de abril |h 183 |i M745a9 |p 7886.80 |t Ej.9 | ||
| 859 | |a CEMS |b BIB. CEMS - 11 de abril |h 183 |i M745a9 |p 7887.80 |t Ej.10 | ||
| 859 | |a CEMS |b BIB. CEMS - 11 de abril |h 183 |i M745a9 |p 8748.81 |t Ej.6 | ||
| 859 | |a CEMS |b BIB. CEMS - 11 de abril |h 183 |i M745a9 |p 8749.81 |t Ej.2 | ||
| 859 | |a CEMS |b BIB. CEMS - 11 de abril |h 183 |i M745a9 |p 8750.81 |t Ej.3 | ||
| 859 | |a CEMS |b BIB. CEMS - 11 de abril |h 183 |i M745a9 |p 8751.81 |t Ej.4 | ||
| 859 | |a CEMS |b BIB. CEMS - 11 de abril |h 183 |i M745a9 |p 8752.81 |t Ej.5 | ||
